Fast Typing to 200 - Statistics

General Stats
  • This quiz has been taken 31 times
  • The average score is 159 of 200
Answer Stats
No. % Correct
1
100%
2
100%
3
100%
4
100%
5
100%
6
100%
7
100%
8
100%
9
100%
10
94%
11
94%
12
94%
13
94%
14
94%
15
94%
16
94%
17
94%
18
94%
19
94%
20
94%
21
94%
22
94%
23
94%
24
94%
25
94%
26
94%
27
94%
28
94%
29
94%
30
94%
31
94%
32
94%
33
94%
40
94%
41
94%
42
94%
43
94%
44
94%
45
94%
46
94%
47
94%
48
94%
49
94%
50
94%
51
94%
52
94%
53
94%
54
94%
55
94%
56
94%
57
94%
58
94%
59
94%
60
94%
61
94%
62
94%
63
94%
73
94%
83
94%
102
88%
103
88%
104
88%
105
88%
106
88%
107
88%
108
88%
109
88%
110
88%
111
88%
112
88%
113
88%
114
88%
34
88%
35
88%
36
88%
37
88%
38
88%
39
88%
64
88%
65
88%
66
88%
67
88%
68
88%
69
88%
70
88%
71
88%
72
88%
74
88%
75
88%
76
88%
77
88%
78
88%
79
88%
80
88%
81
88%
82
88%
84
88%
85
88%
86
88%
87
88%
88
88%
89
88%
90
88%
91
88%
92
88%
93
88%
94
88%
95
88%
96
88%
97
88%
98
88%
99
88%
0
81%
100
81%
101
81%
115
81%
116
81%
117
81%
118
81%
119
81%
120
81%
121
81%
123
75%
124
69%
125
69%
126
69%
127
69%
128
69%
129
69%
130
69%
131
69%
132
69%
133
69%
134
69%
135
69%
136
69%
137
69%
138
69%
139
69%
140
69%
141
69%
142
69%
143
69%
144
69%
145
69%
146
63%
147
63%
148
63%
149
63%
150
63%
151
63%
152
63%
153
63%
154
63%
155
63%
156
63%
157
63%
158
63%
159
63%
160
63%
161
63%
162
63%
163
63%
164
63%
165
63%
166
63%
167
63%
168
63%
169
63%
170
63%
171
63%
172
63%
173
63%
174
63%
175
63%
176
63%
190
63%
195
63%
177
56%
178
56%
179
56%
180
56%
181
56%
182
56%
183
56%
184
56%
185
56%
186
56%
187
56%
188
56%
189
56%
191
56%
192
56%
193
56%
194
56%
196
56%
197
56%
198
56%
199
56%
200
56%
No matching quizzes found
Score Distribution
Percent of People with Each Score
Percentile by Number Answered
Your Score History
You have not taken this quiz